Fórmula 1 - Pilotos com mais vitórias - Statistics

Estatísticas Gerais
  • Esse quiz foi jogado 379 vezes
  • A pontuação média é 20 de 29
Estatísticas das Respostas
Vitórias País Piloto % Correto
41 Brasil Ayrton Senna
99%
91 Alemanha Michael Schumacher
98%
38 Inglaterra Lewis Hamilton
97%
41 Alemanha Sebastian Vettel
93%
51 França Alain Prost
92%
32 Espanha Fernando Alonso
91%
23 Brasil Nélson Piquet
91%
14 Brasil Émerson Fittipaldi
85%
11 Brasil Felipe Massa
85%
24 Argentina Juan Manuel Fangio
84%
11 Brasil Rubens Barrichello
81%
20 Finlândia Kimi Räikkönen
80%
25 Áustria Niki Lauda
78%
20 Finlândia Mika Häkkinen
77%
11 Alemanha Nico Rosberg
68%
11 Canadá Jacques Villeneuve
65%
22 Inglaterra Damon Hill
64%
14 Inglaterra Graham Hill
61%
31 Inglaterra Nigel Mansell
61%
15 Inglaterra Jenson Button
58%
27 Escócia Jackie Stewart
52%
13 Itália Alberto Ascari
51%
14 Austrália Jack Brabham
50%
12 EUA Mario Andretti
49%
25 Escócia Jim Clark
42%
13 Escócia David Coulthard
38%
12 Austrália Alan Jones
34%
12 Argentina Carlos Reutemann
28%
16 Inglaterra Stirling Moss
24%
Nenhum quiz correspondente encontrado
Distribuição das Pontuações
Porcentagem de Pessoas com Cada Pontuação
Percentil de Números Respondidos
Sua Pontuação Histórica
Você não jogou esse quiz